000 00590nam a2200205Ia 4500
003 OSt
005 20251119105136.0
008 210210b1960 xxu||||| |||| 00| 0 eng d
040 _cAL
041 _akan
082 _a851/157
100 _aCHENNAVIRA KANAVI
_9159173
_dಚೆನ್ನವೀರ ಕಣವಿ
245 _aMannina meravanige:
_b ಮಣ್ಣಿನ ಮೆರವಣಿಗೆ
260 _aBengaluru
_bSharada Prakatanalalya
_c1960
650 _ameravanige
_9159174
650 _aMannina
_9159175
690 _aKannada Poetry
_9159176
906 _a018173
942 _2ddc
_cBK
999 _c141299
_d141299